[Event "FRA-chT1A 1112"]
[Site "France"]
[Date "2012.01.15"]
[Round "7.8"]
[White "Mamah, Isabelle"]
[Black "Duval, Florence"]
[Result "1-0"]
[WhiteElo "1849"]
[BlackElo "1522"]
[PlyCount "39"]
[EventDate "2011.10.16"]
[EventType "team-tourn"]
[EventRounds "11"]
[EventCountry "FRA"]
[SourceTitle "EXT 2013"]
[Source "ChessBase"]
[SourceDate "2012.11.22"]
[SourceVersion "1"]
[SourceVersionDate "2012.11.22"]
[SourceQuality "1"]
[WhiteTeam "Agen"]
[BlackTeam "Tours"]
[WhiteTeamCountry "FRA"]
[BlackTeamCountry "FRA"]

1. e4 e6 2. d4 d5 3. Nd2 Nf6 4. e5 Nfd7 5. Bd3 c5 6. c3 b6 7. Qg4 Ba6 8. Bxa6 Nxa6 9. Ne2 Qc7 10. 0-0 f5 11. exf6 Nxf6 12. Qxe6+ Qe7 13. Qc6+ Kf7 14. Qxa8 Qxe2 15. Nf3 Qe7 16. Re1 Qc7 17. Bg5 g6 18. Bxf6 Bg7 19. Qxd5+ Kf8 20. Be7+ 1-0

[Event "FRA-chT1 1011"]
[Site "France"]
[Date "2010.11.14"]
[Round "3.8"]
[White "Duval, Florence"]
[Black "Bonvalot, Isabelle"]
[Result "1-0"]
[WhiteElo "1475"]
[BlackElo "1909"]
[PlyCount "52"]
[EventDate "2010.10.17"]
[EventType "team-tourn"]
[EventRounds "11"]
[EventCountry "FRA"]
[SourceTitle "EXT 2012"]
[Source "ChessBase"]
[SourceDate "2011.11.24"]
[SourceVersion "1"]
[SourceVersionDate "2011.11.24"]
[SourceQuality "1"]

1. d4 f5 2. c4 Nf6 3. Nc3 g6 4. Nf3 Bg7 5. Bg5 h6 6. Bxf6 Bxf6 7. e3 e6 8. Be2 b6 9. 0-0 Bb7 10. Qc2 Nc6 11. a3 Qe7 12. Rad1 0-0-0 13. b4 d6 14. b5 Nb8 15. a4 Nd7 16. a5 c5 17. bxc6 Bxc6 18. axb6 axb6 19. Nb5 e5 20. Na7+ Kc7 21. Nxc6 Kxc6 22. Qa4+ Kb7 23. d5 Ra8 24. Qc6+ Kb8 25. Ra1 Ra5 26. Rxa5 bxa5 1-0

[Event "FRA-chT2 West 0809"]
[Site "France"]
[Date "2009.02.08"]
[Round "7.8"]
[White "Duval, Florence"]
[Black "Rachez, Pascale"]
[Result "0-1"]
[WhiteElo "1330"]
[BlackElo "1921"]
[PlyCount "54"]
[EventDate "2008.10.19"]
[EventType "team-tourn"]
[EventRounds "11"]
[EventCountry "FRA"]
[SourceTitle "EXT 2010"]
[Source "ChessBase"]
[SourceDate "2010.11.25"]
[SourceVersion "1"]
[SourceVersionDate "2010.11.25"]
[SourceQuality "1"]
[WhiteTeam "Tours"]
[BlackTeam "Le Chesnay"]
[WhiteTeamCountry "FRA"]
[BlackTeamCountry "FRA"]

1. d4 Nf6 2. c4 d6 3. Nc3 g6 4. e4 Bg7 5. f3 0-0 6. Be3 Nbd7 7. Qd2 Re8 8. Nge2 e5 9. d5 a6 10. 0-0-0 b5 11. Ng3 bxc4 12. Bxc4 Nb6 13. Bb3 a5 14. a4 Ba6 15. Kb1 Nfd7 16. Rc1 Bc4 17. Qd1 Rb8 18. Nb5 Bxb5 19. axb5 Qc8 20. Ba4 Bf8 21. Ne2 Nc5 22. Nc3 Nbxa4 23. Nxa4 Rxb5 24. Nc3 Rb7 25. Rc2 Qd7 26. Kc1 Reb8 27. Qd2 Nb3+ 0-1

[Event "FRA-chT2 West 0809"]
[Site "France"]
[Date "2008.12.14"]
[Round "4.8"]
[White "Baumhauer, Christian"]
[Black "Duval, Florence"]
[Result "1-0"]
[WhiteElo "2051"]
[BlackElo "1330"]
[PlyCount "65"]
[EventDate "2008.10.19"]
[EventType "team-tourn"]
[EventRounds "11"]
[EventCountry "FRA"]
[SourceTitle "EXT 2010"]
[Source "ChessBase"]
[SourceDate "2010.11.25"]
[SourceVersion "1"]
[SourceVersionDate "2010.11.25"]
[SourceQuality "1"]
[WhiteTeam "Evry Grand Roque II"]
[BlackTeam "Tours"]
[WhiteTeamCountry "FRA"]
[BlackTeamCountry "FRA"]

1. Nf3 d5 2. c4 c6 3. e3 Bg4 4. Qb3 Qc7 5. Be2 e6 6. Nc3 Bd6 7. cxd5 exd5 8. Qa4 Nd7 9. Qxg4 g6 10. Qa4 Ngf6 11. Qc2 0-0-0 12. d4 Rhe8 13. Bd2 a6 14. 0-0-0 h6 15. h3 Kb8 16. Kb1 c5 17. dxc5 Nxc5 18. Na4 Rc8 19. Nxc5 Bxc5 20. Bc3 Bd6 21. Rc1 Qe7 22. Qb3 Rc6 23. Bxf6 Rxc1+ 24. Rxc1 Qxf6 25. Bxa6 Qe7 26. Nd4 Ka8 27. Bxb7+ Qxb7 28. Qa4+ Qa7 29. Qc6+ Qb7 30. Qxd6 Rb8 31. Qa3+ Qa7 32. Qxa7+ Kxa7 33. Nc6+ 1-0